Here and beyound, (Record no. 77754)
[ view plain ]
| 000 -LEADER | |
|---|---|
| fixed length control field | 00489cam a22001811 4500 |
| 001 - CONTROL NUMBER | |
| control field | sa 68001157 |
| 003 - CONTROL NUMBER IDENTIFIER | |
| control field | DLC |
| 005 - DATE AND TIME OF LATEST TRANSACTION | |
| control field | 20260227112430.0 |
| 008 - FIXED-LENGTH DATA ELEMENTS--GENERAL INFORMATION | |
| fixed length control field | 710903s1967 ii 00000 eng |
| 010 ## - LIBRARY OF CONGRESS CONTROL NUMBER | |
| LC control number | sa 68001157 //r85 |
| 025 ## - OVERSEAS ACQUISITION NUMBER | |
| Overseas acquisition number | PL480:I-E-9105 |
| 050 0# - LIBRARY OF CONGRESS CALL NUMBER | |
| Classification number | PL4780.9.S343 |
| Item number | H4 |
| 100 00 - MAIN ENTRY--PERSONAL NAME | |
| Personal name | Vaasamoorti, |
| Dates associated with a name | 1925- |
| 245 10 - TITLE STATEMENT | |
| Title | Here and beyound, |
| Remainder of title | a novel, |
| Statement of responsibility, etc. | by Vaasamoorti. |
| 260 0# - PUBLICATION, DISTRIBUTION, ETC. | |
| Place of publication, distribution, etc. | Amalapuram, |
| Name of publisher, distributor, etc. | Telugu Velugu Prachuranalu |
| Date of publication, distribution, etc. | [1967] |
| 300 ## - PHYSICAL DESCRIPTION | |
| Extent | 263 p. |
| Dimensions | 19 cm. |
| 350 ## - PRICE (NR) (BK AM CF MU VM SE) [OBSOLETE] | |
| Price | Rs8 |
No items available.